000 00868nam a2200253Ia 4500
003 OSt
005 20221005112351.0
006 a|||||r|||| 00| 0
007 ta
008 221004b |||||||| |||| 00| 0 urd d
020 _a9789352310692 (pbk)
_cINR 200.00
024 _a45080
037 _b1061, 12/02/2019, H.K. Prakashan
_cTextual
040 _aCRL
_cCRL
_burd
041 _2urd
_aurd
082 _aO168,3NAL,DH, 153Q8
100 _aਅਲੀ, ਖ਼ਰਗ਼ੰਦ, ਂਚ.
245 0 _aਧਾੜਵੀ
260 _aਸਮਾਣਾ
_bਸੰਗਮ ਪਬਲੀਕੇFਨਗ਼ ਭਾਰਤ
_c2018
300 _a150ਪ੍ਰ0
_ccm.
650 _aਉਰਦੂ ਸਾਹਿਤ
942 _hO168,3NAL,DH, 153Q8
_cTEXL
_2cc
999 _c1024676
_d1024676